La communication de l'être d'après Saint Thomas D'Aquin
Guardat en:
| Autor principal: | |
|---|---|
| Format: | Llibre |
| Idioma: | francès |
| Publicat: |
París
Desclée de Brouwer
1959
|
| Col·lecció: | Museum Lessianum. Section philosophique, 41
|
| Matèries: | |
| Etiquetes: |
Afegir etiqueta
Sense etiquetes, Sigues el primer a etiquetar aquest registre!
|
MARC
| LEADER | 00000nam a2200000 a 4500 | ||
|---|---|---|---|
| 001 | UCZ4842 | ||
| 003 | CL-VaPUC | ||
| 008 | 951110e19590000FR |||||||||||||||||fre|d | ||
| 082 | 0 | 4 | |a 189.4 |b HAY |2 21 |
| 100 | |a Hayen, André |e author |9 600942 | ||
| 245 | 1 | 3 | |a La communication de l'être d'après Saint Thomas D'Aquin |
| 300 | |a v | ||
| 942 | |c BK | ||
| 945 | |d 19951110 00:00:00 |a lriquelm | ||
| 260 | |a París |b Desclée de Brouwer |c 1959 | ||
| 500 | |a v.2: L'ordre philosophique de Saint Thomas | ||
| 650 | 0 | |a Escolasticismo |9 264998 | |
| 650 | 7 | |a DOCTRINAS RELIGIOSAS |2 CL-VaPUC |9 337177 | |
| 650 | 0 | |a Teología |9 258766 | |
| 650 | 0 | |a Filosofía medieval |9 256245 | |
| 650 | 0 | |a Comunicación |9 257251 | |
| 650 | 7 | |a SER |2 CL-VaPUC |9 320176 | |
| 650 | 0 | |a Relaciones interpersonales |9 307056 | |
| 650 | 0 | |a Tomismo |9 259214 | |
| 650 | 7 | |a INTENCION |2 CL-VaPUC |9 312539 | |
| 583 | |a last modification |c 19951110 00:00:00 |k Rodrigo Vera | ||
| 490 | 0 | |a Museum Lessianum. Section philosophique, 41 | |
| 999 | |c 241205 |d 241203 | ||
| 952 | |0 0 |1 0 |4 0 |6 189_400000000000000_HAY_1959 |7 0 |8 P |9 253395 |a BIBEDU |b BIBEDU |c BIBEDU_PB |d 2019-11-19 |h v.2 |i 1572202 |o 189.4 HAY 1959 |p 1572202 |r 2024-01-25 |w 2019-11-19 |y BK |k FIL | ||